| 000 | 01719nam a2200325 i 4500 | ||
|---|---|---|---|
| 003 | EG-GICUC | ||
| 005 | 20260121101206.0 | ||
| 008 | 251110s2005 ua ||||fr|||| 00| 0 ara d | ||
| 017 | _a٢٠٠٤/١٦٨١٦ | ||
| 020 | _a9770313491 | ||
| 040 |
_a EG-GICUC _bara _c EG-GICUC _d EG-GICUC _erda |
||
| 041 | 0 | _aara | |
| 082 | 0 | 4 |
_221 _a345 _bع ب . ق |
| 092 | 0 | 4 | _221 |
| 099 | _aLaw1 07 345 ع ب . ق 2005 | ||
| 100 | 0 |
_aعبد الغني بسيوني عبد الله _eمؤلف. |
|
| 245 | 1 | 2 |
_aالقانون الإدارى : _bدراسة تطبيقية لأسس ومبادئ القانون الإدارى وتطبيقها في مصر / _cدكتور عبد الغني بسيوني عبد الله. |
| 264 | 1 |
_aالإسكندرية : _bمنشأة المعارف، _c2005. |
|
| 300 |
_a694 ؛صفحة _c24 سم. |
||
| 336 |
_2rda content _atext |
||
| 337 |
_2rda media _aComputer |
||
| 338 |
_2rda carrier _aOnline Resource |
||
| 504 | _aيشتمل على إرجاعات ببليوغرافة. | ||
| 505 | _aالتعريف بالقانون الإدارى - المركزية الإدارية اللامركزية الإدارية - التركيز وعدم التركيز الإدارى أعمال السلطة الإدارية - الضبط الإداري - المرافق العامة - القرارات الإدارية - العقود الإدارية - أموال السلطة الإدارية - امتيازات السلطة الإدارية. | ||
| 546 | _aالنص أغلبه باللغة العربية مع بعض النصوص الفرنسية | ||
| 650 | 1 | 4 | _aالقانون الإداري |
| 856 | 4 | 0 | _uhttps://fll.law.cu.edu.eg/fulltext/bks/B07-00498.pdf |
| 905 | _a32 | ||
| 942 |
_2ddc _cBK _e21 _n0 |
||
| 999 |
_c42327 _d42327 |
||